Obálka Náhled e-knihy:
PDF Epub
Pro půjčování e-knih musíte být přihlášeni.
Jak si půjčit online?

Vikingové. Smrt synů /

Závěrečná část z volné trilogie románů, pojednávajících o vikingských válečnících v bouřlivé době raného středověku. Tentokrát se hlavní hrdinové ocitnou tisíc mil od domova a jsou podezřelí z vraždy. Mají jen jediné východisko.

Uloženo v:
Série:Vikingové, část 3
Hlavní autor: Holm, Lasse, 1968- (Autor)
Další autoři: Gajzlerová, Miroslava (Autor)
Médium: E-kniha
Jazyk:Czech
Vydáno: Praha : Dobrovský s.r.o., 2020
Edice:Fobos
Témata:
Příbuzné jednotky:Z cyklu:: Vikingové
Tagy:
Žádné tagy
LEADER 02731nam a2200457 i 4500
001 311271
003 CZ PrSKC
005 20260601215702.0
007 ta
008 201103s2020 xr b g 000 f cze
015 |a cnb003072739 
020 |a 9788073909147  |q (vázáno) 
035 |a (OCoLC)1250248650 
040 |a ABG001  |b cze  |e rda 
041 1 |a cze  |h dan 
072 7 |a 821.11  |x Germánské literatury  |2 Konspekt 
080 |a 821.113.4-31  |2 MRF 
080 |a (0:82-311.6)  |2 MRF 
100 1 |a Holm, Lasse,  |d 1968-  |7 xx0228029  |4 aut 
240 1 0 |a Lodbrogsønnernes død.  |l Česky 
245 1 0 |a Vikingové.  |p Smrt synů /  |c Lasse Holm ; z dánského originálu Lodbrogsønnernes død přeložila Miroslava Gajzlerová 
246 3 0 |a Smrt synů 
264 1 |a Praha :  |b Dobrovský s.r.o.,  |c 2020 
300 |a 432 stran :  |b mapy ;  |c 21 cm 
336 |a text  |b txt  |2 rdacontent 
337 |a bez média  |b n  |2 rdamedia 
338 |a svazek  |b nc  |2 rdacarrier 
490 1 |a Fobos 
520 2 |a Závěrečná část z volné trilogie románů, pojednávajících o vikingských válečnících v bouřlivé době raného středověku. Tentokrát se hlavní hrdinové ocitnou tisíc mil od domova a jsou podezřelí z vraždy. Mají jen jediné východisko.  |b Jaro roku 873. Rolf a Lodbrokovi synové slouží v konstantinopolskégardě, i když se jim nelíbí, že se mají podřizovat křesťanskému pánovi. Když jedné noci naleznou třetího nejmocnějšího muže říše zavražděného a leccos naznačuje, že vrahem je Seveřan, začíná souboj s časem. Mrtvol přibývá a Rolfovo vyšetřování přináší více otázek než odpovědí. Jaké tajemství se vrah pokouší skrýt? Do jak vysokých pater moci vedou stopy? A když Rolfovi a jeho přátelům hoří půda pod nohama, pomůže jim, když zamíří domů na sever? Nebo jsou jejich nepřátelé natolik mocní, že je dostihnou kdekoliv? Nakladatelská anotace. 
655 7 |a dánské romány  |7 fd132169  |2 czenas 
655 7 |a historické romány  |7 fd132414  |2 czenas 
655 9 |a Danish fiction  |2 eczenas 
655 9 |a historical novels  |2 eczenas 
700 1 |a Gajzlerová, Miroslava  |7 xx0171953  |4 trl 
787 0 8 |i Z cyklu:  |t Vikingové  |g 3 
830 0 |a Fobos 
900 |a ABA001  |b 21 
044 |a xr 
910 |a RBIT002 
998 |d 294831  |a https://core.palmknihy.cz/api/books/294831/cover?qkyx6l  |b https://core.palmknihy.cz/api/books/294831/cover/400?qkyx6l  |c https://core.palmknihy.cz/api/books/294831/cover/50?qkyx6l  |e 2029-04-30  |g 440  |i 9788073909147  |j https://core.palmknihy.cz/api/books/294831/preview.epub  |k https://core.palmknihy.cz/api/books/294831/preview.pdf  |l   |q 49  |r 1  |s https://www.palmknihy.cz/kniha/294831  |t ebook  |y 2020  |z 0  |v Vikngové  |w 3 
999 |d 311269